000 01537nam a2200301 u 4500
001 000002709
005 20200929150236.0
008 090703s2002 dr d r 000 0 spa d
020 _a9223133335
040 _aDO-SdBNP
_bspa
_cBNPHU
082 _a331.31
_bE81u
245 0 0 _aEsto no es un juego :
_bun estudio exploratorio sobre el trabajo infantil doméstico en hogares de terceros en República Dominicana /
_ccoordinadora Carmen Moreno ; investigación Magaly Pineda, Carmen Julia Gómez Carrasco, Alina Ramírez.
246 0 4 _aun estudio exploratorio sobre el trabajo infantil doméstico en hogares de terceros en República Dominicana :
_b¡Esto nos es un juego!
260 _a[Santo Domingo] :
_bOIT, IPEC,
_c2002.
300 _a140 p. :
_bdiagrs. ;
_c26 cm.
500 _aProyecto : Prevención y eliminación de las peores formas de trabajo infantil doméstico en América Central y República Dominicana
504 _aIncluye referencias bibliográficas
590 _aInventariado, 2018/VM
650 4 _aTrabajo infantil
_zRepública Dominicana
_98549
650 4 _aTrabajadores domésticos
_zRepública Dominicana
_98550
651 4 _aRepública Dominicana
_xCondiciones Sociales
_946
700 1 2 _aMoreno, Carmen
_ecoord.
_98551
700 1 2 _aPineda, Magaly
_98552
700 1 2 _aGómez Carrasco, Carmen Júlia
_98553
700 1 2 _aRamírez, Alina
_98554
710 2 _aOficina Internacional del Trabajo.
_bPrograma Internacional para la Erradicación del Trabajo Infantil
_98555
910 _aValidado. Control de calidad MFF
999 _c2545
_d2545